000 01672nkm0a22003491 4500
001 RU\NLR\INFOCOMM_10\5000067023
005 20250806205241.0
035 _a(NLR Aleph) 010755955
090 _a79764
_c79764
100 _a20150325d1944 u y0rusy50 ca
101 0 _arus
102 _aRU
116 _aiybxx xx zz
135 _acrcn 024apaba
200 1 _a[Бланк военно-оборонного художественного фильма "Вперед, Балтика!"]
_bИзоматериалы
_fКомитет по делам кинематографии при СНК СССР. Ленинградская Ордена Ленина киностудия "Ленфильм"
210 _a[Ленинград
_d1944]
215 _a1 л.
_d30х21 см
325 _aКопия доступна в Электрон. б-ке РНБ
606 1 0 _aБлокада Ленинграда
_z1941 - 1944
_2nlr_sh
_3RU\NLR\AUTH\661253360
801 1 _aRU
_binfocomm
_c20150325
801 0 _aRU
_bNLR
_gPSBO
852 _aNLR
_bЛ3-340
_j6-24/3-1
_pЛМ.1998
852 _aNLR
_bЛ3-340
_j6-24/3-1
_pЛМ.1999
856 0 _uhttp://vivaldi.nlr.ru/al000000475/view
856 1 _uhttp://vivaldi.nlr.ru/al000000475/cover
856 2 _uhttp://vivaldi.nlr.ru/al000000475/text
942 _cVISUAL
945 _aРоссийская национальная библиотека
980 _aBV
981 3 7 _a(37) Ленинград в Великой Отечественной войне
_b(37) Бланки официальных документов, продовольственные карточки
981 3 4 _a(34) Санкт-Петербург